Propuesta de plan de manejo integral de residuos reciclables de la comuna de San Miguel, Región Metropolitana de Santiago

La presente propuesta se aborda el caso de la comuna de San Miguel que para el año 2011registró una generación de 41.800 toneladas de residuos con una PPC de 1,26kg/ hab / día y una población de 90.892 habitantes(Secretaria Regional Ministerial del Medio Ambiente, 2012, pág....

Full description

Bibliographic Details
Main Author: Sánchez Ballester, Rocío Ximena
Other Authors: Pérez García, Macarena (profesora guía)
Format: Tesis
Language:Spanish
Published: Santiago : Universidad Academia de Humanismo Cristiano 2014.
Subjects:
Online Access:Disponible en línea. Contenido parcial (PDF). Biblioteca Digital UAHC (disponible contenido parcial de la tesis a solicitud del autor)

MARC

LEADER 00000nmm a22000007a 4500
001 043783
003 UAHC_CL
005 20221228153931.0
008 140620s2014 cl o d 000 spa
040 |a UAHC_CL  |c UAHC_CL  |d UAHC_CL 
100 1 |a Sánchez Ballester, Rocío Ximena 
245 1 0 |a Propuesta de plan de manejo integral de residuos reciclables de la comuna de San Miguel, Región Metropolitana de Santiago   |c Rocío Sánchez, profesor guía Macarena Pérez. 
260 |b Universidad Academia de Humanismo Cristiano  |c 2014.  |a Santiago : 
300 |a 103 páginas. 
500 |a Tesis para optar al título de Ingeniero/a de Ejecución en Gestión Ambiental. 
502 |a Tesis (Ingeniería de Ejecución en Gestión Ambiental) -- Universidad Academia de Humanismo Cristiano, 2014. 
516 |a Tesis electrónica (PDF). Solicitar envío de documento a biblioteca@academia.cl 
520 |a La presente propuesta se aborda el caso de la comuna de San Miguel que para el año 2011registró una generación de 41.800 toneladas de residuos con una PPC de 1,26kg/ hab / día y una población de 90.892 habitantes(Secretaria Regional Ministerial del Medio Ambiente, 2012, pág. 51). Dicho valor entregado por el Ministerio del Medio Ambiente no se ajusta a la realidad ya que se utilizaron datos de población proveniente de los resultados preliminares del CENSO 2012, los que hasta la fecha aún están siendo evaluados sin existir una cifra oficial de habitantes tanto para la comuna de San Miguel como para todo el país. 
650 4 |a residuos solidos 
650 0 |a Medio ambiente  |x Aspectos sociales  |9 226 
700 1 |a Pérez García, Macarena  |e profesora guía 
856 |u http://bibliotecadigital.academia.cl/xmlui/handle/123456789/1953  |y Disponible en línea. Contenido parcial (PDF). Biblioteca Digital UAHC (disponible contenido parcial de la tesis a solicitud del autor) 
900 |a TIEGA 133 
942 |c TS  |2 ddc 
952 |0 0  |1 0  |4 0  |6 TIEGA_133_000000000000000  |7 0  |8 COMP  |9 81389  |a BC  |b BC  |c Digital  |d 2017-08-03  |o TIEGA 133  |r 2019-01-08 00:00:00  |t 1  |w 2017-08-03  |y TS  |z Documento en PDF  |B IEGA 
999 |c 43783  |d 43783